000 01109cam a22003377a 4500
003 CHAP
005 20220329141517.0
008 971013s1982 r 00010 d
010 _a69319
011 _a70291
035 _a79772
040 _cCHAP
082 _a574.87623
_bL5
100 0 0 _aLloyd, David.
_967301
245 1 4 _aThe cell division cycle; temporal organization and control of cellular growth and reproduction
260 _aLondon :
_bAcademic Press,
_c1982
300 _a523 p.
_b: ilus.
500 _a33-222
590 _aBATCH-UPD
_b10
_c20130110
_lUCH01
_h0116
590 _aBATCH-UPD
_b10
_c20130110
_lUCH01
_h0629
590 _aBATCH-UPD
_b10
_c20130409
_lUCH01
_h2108
590 _aBATCH-UPD
_b10
_c20130410
_lUCH01
_h1217
590 _aBATCH-UPD
_b10
_c20130914
_lUCH01
_h0943
590 _aCONVERSION
_b10
_c20130109
_lUCH01
_h1338
650 1 4 _aCitología.
_923489
650 1 4 _aDivisión celular (Biología)
_933029
700 0 _aPoole, Robert K.
_990869
901 _aBK
942 _cLIBRO
949 _a574.87623 L5
_bBC
_cLIBRO
_d33724000362083
_eLIBRO
_gI. 147238
_h76114
_i79772
_si
_t182.00
999 _c69319
_d69319